Radio astronomical methods of antenna measurements (Record no. 3109)

MARC details
000 -LEADER
fixed length control field 00783nam a2200217Ia 4500
003 - CONTROL NUMBER IDENTIFIER
control field IN-BaIIA
008 - FIXED-LENGTH DATA ELEMENTS--GENERAL INFORMATION
fixed length control field 211028s9999 xx 000 0 eng d
040 ## - CATALOGING SOURCE
Transcribing agency IIA Library
080 ## - UNIVERSAL DECIMAL CLASSIFICATION NUMBER
Universal Decimal Classification number 621.396.67:52-77
Item number KUZ
100 ## - MAIN ENTRY--PERSONAL NAME
Personal name Kuz'min, A. D.
9 (RLIN) 5523
245 #0 - TITLE STATEMENT
Title Radio astronomical methods of antenna measurements
Statement of responsibility, etc. Kuzmin A. D. and A. E. Salomonovich; translated by K. N. Trirogoff
260 ## - PUBLICATION, DISTRIBUTION, ETC.
Place of publication, distribution, etc. New York
Name of publisher, distributor, etc. Academic Press
Date of publication, distribution, etc. 1966
300 ## - PHYSICAL DESCRIPTION
Extent xvi, 182p.
490 ## - SERIES STATEMENT
Series statement Electrical Science A Series of Monographs and Texts
650 ## - SUBJECT ADDED ENTRY--TOPICAL TERM
Topical term or geographic name entry element Antennas
9 (RLIN) 2176
650 ## - SUBJECT ADDED ENTRY--TOPICAL TERM
Topical term or geographic name entry element Astronomy and Astrophysics Thesaurus
650 ## - SUBJECT ADDED ENTRY--TOPICAL TERM
Topical term or geographic name entry element Radio Astronomy
9 (RLIN) 2849
700 ## - ADDED ENTRY--PERSONAL NAME
Personal name Salomonovich, A. E.
9 (RLIN) 5524
700 ## - ADDED ENTRY--PERSONAL NAME
Personal name Trirogoff, K. N., tr.
9 (RLIN) 5525
942 ## - ADDED ENTRY ELEMENTS (KOHA)
Koha item type Books
Holdings
Withdrawn status Lost status Damaged status Not for loan Home library Current library Shelving location Date acquired Cost, normal purchase price Total Checkouts Full call number Barcode Date last seen Cost, replacement price Price effective from Koha item type Purchase Price
        IIA Library-Bangalore IIA Library-Kavalur General Stacks 28/10/1968 57.38   621.396.67:52-77/ KUZ 3460 05/11/2021 57.38 28/10/1968 Books Rs. 57.38

Powered by Koha